00427nam a2200157Ia 4500003000900000008004100009040001600050080001500066100002000081245005500101260003500156300001600191650004100207650001000248650001100258IN-BaIIA211028s9999 xx 000 0 eng d cIIA Library a535.1bGRA aGrant, Yves L E 0aLight, color and visioncYves L. E. Grant  aLondonbChapman and Hallc1968 axiii, 564p. aAstronomy and Astrophysics Thesaurus aLight aOptics